Counties that Start with D - Statistics

General Stats
  • This quiz has been taken 108 times
  • The average score is 46 of 132
Answer Stats
County State % Correct
Dallas Alabama | Arkansas | Iowa | +2 others
73%
Davis Iowa | Utah
73%
Dent Missouri
73%
Davidson North Carolina | Tennessee
64%
Denton Texas
64%
Douglas Colorado | Georgia | Illinois | +9 others
59%
Durham North Carolina
55%
Dade Georgia | Missouri
50%
Dane Wisconsin
50%
Daniels Montana
50%
Day South Dakota
50%
Denver Colorado
50%
Des Moines Iowa
50%
Dawes Nebraska
45%
Dixon Nebraska
45%
Dodge Georgia | Minnesota | Nebraska | Wisconsin
45%
Door Wisconsin
45%
Davie North Carolina
41%
Dawson Georgia | Montana | Nebraska | Texas
41%
Dickinson Iowa | Kansas | Michigan
41%
Dukes Massachusetts
41%
Dale Alabama
36%
Decatur Georgia | Indiana | Iowa | +2 others
36%
Del Norte California
36%
Dickens Texas
36%
Dillon South Carolina
36%
Dubuque Iowa
36%
Dallam Texas
32%
Dare North Carolina
32%
Dearborn Indiana
32%
Delaware Indiana | Iowa | New York | +3 others
32%
Delta Colorado | Michigan | Texas
32%
Dixie Florida
32%
Drew Arkansas
32%
Dunn North Dakota | Wisconsin
32%
Dakota Minnesota | Nebraska
27%
Deer Lodge Montana
27%
Deuel Nebraska | South Dakota
27%
Dillingham Alaska
27%
Dooly Georgia
27%
Duval Florida | Texas
27%
Daviess Indiana | Kentucky | Missouri
23%
Davison South Dakota
23%
Denali Alaska
23%
DeSoto Florida | Mississippi
23%
De Soto Louisiana
23%
Dewey Oklahoma | South Dakota
23%
De Witt Illinois
23%
DeWitt Texas
23%
Dimmit Texas
23%
Dinwiddie Virginia
23%
Divide North Dakota
23%
Doña Ana New Mexico
23%
Dorchester Maryland | South Carolina
23%
Dundy Nebraska
23%
Dyer Tennessee
23%
Daggett Utah
18%
Darke Ohio
18%
Darlington South Carolina
18%
Deaf Smith Texas
18%
Defiance Ohio
18%
DeKalb Alabama | Georgia | Illinois | +3 others
18%
Deschutes Oregon
18%
Desha Arkansas
18%
Dickson Tennessee
18%
Dolores Colorado
18%
Dougherty Georgia
18%
DuPage Illinois
18%
Dutchess New York
18%
Dauphin Pennsylvania
14%
Dickenson Virginia
14%
Donley Texas
14%
Dubois Indiana
14%
Duchesne Utah
14%
Danville Virginia
9%
Dickey North Dakota
9%
Doddridge West Virginia
9%
Doniphan Kansas
9%
Duplin North Carolina
9%
De Baca New Mexico
5%
Dunklin Missouri
5%
No matching quizzes found
Score Distribution
Percent of People with Each Score
Percentile by Number Answered
Your Score History
You have not taken this quiz